000 00947nam a2200253 a 4500
001 000046935
005 20201002053226.0
008 091120s2016 dr a r 001 0 spa d
020 _z9789945599510
040 _aDO-SdBNP
_bspa
_cBNPHU
082 _axxxx
_bxxxx
100 1 _aSoto, Gisela
_974853
245 1 0 _aCaligrafía & valores 3 :
_btercer grado, primer ciclo educación primaria /
_cGisela Soto, actualización María del Jesús de la Rosa ; corrección de texto Danilda Pérez ; ilustración Henry Cid.
250 _a3a. ed. rev. y act.
260 _aSanto Domingo :
_bActualidad escolar,
_c2016.
300 _a112 p. :
_bil. ;
_c28 cm.
490 1 _aVeraz
590 _aInventariado, 2018/VM
700 1 _aJesús de la Rosa, María del
_929833
700 1 _aPérez, Danilda
_ecorr.
_973778
700 1 _aSandoval, Ramón L.
_eil.
_929585
710 2 _aActualidad escolar 2000, (República Dominicana)
_973571
830 0 _aVeraz
_974848
999 _c46423
_d46423